[Event "VIE-ch U11 Girls"]
[Site "Ho Chi Minh City"]
[Date "2014.07.13"]
[Round "2"]
[White "Tran, Nguyen Nha Han"]
[Black "Pham, Thi Ngoc Nhi"]
[Result "1/2-1/2"]
[WhiteElo "1741"]
[BlackElo "1721"]
[PlyCount "29"]
[EventDate "2014.07.13"]
[EventType "swiss"]
[EventRounds "9"]
[EventCountry "VIE"]
[SourceTitle "EXT 2016"]
[Source "ChessBase"]
[SourceDate "2015.10.08"]
[SourceVersion "1"]
[SourceVersionDate "2015.10.08"]
[SourceQuality "1"]

1. e4 e5 2. Nf3 Nc6 3. Bc4 d6 4. h3 h6 5. 0-0 Nf6 6. Nc3 Be7 7. d3 0-0 8. Be3 a6 9. Bb3 b5 10. a3 Bb7 11. Nd5 Re8 12. Qb1 Na5 13. Nxf6+ Bxf6 14. Qa2 Nxb3 15. Qxb3 1/2-1/2